书目信息 |
| 题名: |
聚合物加工流变学基础
|
|
| 作者: | 何红 编著 | |
| 分册: | ||
| 出版信息: | 北京 化学工业出版社 2015.4 |
|
| 页数: | 155页 | |
| 开本: | 26cm | |
| 丛书名: | ||
| 单 册: | ||
| 中图分类: | TQ316 | |
| 科图分类: | ||
| 主题词: | 高聚物--加工--流变学--高等教育--教材 | |
| 电子资源: | ||
| ISBN: | 978-7-122-22619-8 | |
| 000 | 00895nam0 2200241 450 | |
| 001 | 0400003657 | |
| 005 | 20171022112035.0 | |
| 010 | @a978-7-122-22619-8@dCNY30.00 | |
| 100 | @a20150712d2015 em y0chiy50 ea | |
| 101 | 0 | @achi |
| 102 | @aCN@b110000 | |
| 105 | @ay z 000yy | |
| 106 | @ar | |
| 200 | 1 | @a聚合物加工流变学基础@9ju he wu jia gong liu bian xue ji chu@d= Fundamentals of rheology for polymer processing@f何红编著@zeng |
| 210 | @a北京@c化学工业出版社@d2015.4 | |
| 215 | @a155页@d26cm | |
| 330 | @a本书主要内容包括,绪论、矢量和张量运算、流变学基本流动与材料函数、牛顿流体力学、广义牛顿流体本构方程、广义线性粘弹性流体本构方程等。 | |
| 510 | 1 | @aFundamentals of rheology for polymer processing@zeng |
| 606 | 0 | @a高聚物@x加工@x流变学@x高等教育@j教材 |
| 690 | @aTQ316@v5 | |
| 701 | 0 | @a何红@9he hong@4编著 |
| 801 | 0 | @aCN@b91MARC@c20171022 |
| 905 | @b1033946-50@dTQ316@f5@e17 | |
| 聚合物加工流变学基础= Fundamentals of rheology for polymer processing/何红编著.-北京:化学工业出版社,2015.4 |
| 155页;26cm |
| ISBN 978-7-122-22619-8:CNY30.00 |
| 本书主要内容包括,绪论、矢量和张量运算、流变学基本流动与材料函数、牛顿流体力学、广义牛顿流体本构方程、广义线性粘弹性流体本构方程等。 |
| ● |
| 相关链接 |
|
|
|
|
正题名:聚合物加工流变学基础
索取号:TQ316/17
 
预约/预借
| 序号 | 登录号 | 条形码 | 馆藏地/架位号 | 状态 | 备注 |
| 1 | 1033946 | 210339463 | 第二样本阅览室/ [索取号:TQ316/17] | 在馆 | |
| 2 | 1033947 | 210339472 | 密集书库-化学系/ [索取号:TQ316/17] | 在馆 | |
| 3 | 1033948 | 210339481 | 第三借阅区/ [索取号:TQ316/17] | 在馆 | |
| 4 | 1033949 | 210339490 | 第三借阅区/ [索取号:TQ316/17] | 在馆 | |
| 5 | 1033950 | 210339506 | 第三借阅区/ [索取号:TQ316/17] | 在馆 |